| 000 | 01079nmc a2200361 a 4500 | ||
|---|---|---|---|
| 003 | AR-BaBNM | ||
| 005 | 20251128204948.0 | ||
| 008 | 076019s1992 ||||||||||||||000 | spa|| | ||
| 020 | _a950-557-149-6 | ||
| 040 | _cAR-BaBNM | ||
| 245 | 1 | 0 |
_aEconomías coloniales _bprecios y salarios en América Latina, siglo XVIII |
| 250 | _a1ª ed. | ||
| 260 |
_aBuenos Aires _bFondo de Cultura Económica _c1992 |
||
| 300 | 0 |
_a441 p. _bgráfs., tablas |
|
| 490 | 0 | _aSección de obras de Historia | |
| 500 | 0 | _aContiene nota sobre los autores en p. 439 | |
| 650 | 4 | _aCOLONIALISMO | |
| 650 | 4 | _aHISTORIA ECONOMICA | |
| 650 | 4 | _aECONOMIA REGIONAL | |
| 650 | 4 | _aECONOMIA DEL TRABAJO | |
| 650 | 4 | _aPRECIOS | |
| 650 | 4 | _aHISTORIA LATINOAMERICANA | |
| 650 | 4 | _aOFERTA Y DEMANDA | |
| 650 | 4 | _aSALARIOS | |
| 650 | 4 | _aPERIODO COLONIAL | |
| 651 | 4 | _aAmérica Latina | |
| 700 | 1 |
_aJohnson, Lyman _ecompilador |
|
| 700 | 1 |
_aTandeter, Enrique _ecompilador |
|
| 700 | 1 |
_aTiscornia, Alejandro G. _etraductor |
|
| 700 | 1 |
_aMouzo, Félix _etraductor |
|
| 942 | _cBK | ||
| 998 | _cMARTIN | ||
| 999 |
_c9500 _d9500 |
||